00565nam a2200181Ia 4500008004100000020001800041082001700059100002100076245003700097250001200134260003800146300001600184600003300200650001600233942000800249952010900257999001700366241115s9999 xx 000 0 und d a0-471-59989-1 a510.2462 KRE aKreyszing, Erwin 0aAdvanced Engineering Mathematics a7th ed. aNew York:bJhon Wiley Sons,c1993 axvii,1271p. aHumanities & Natural Science aMathematics cBBD 001040708BB-HUMaUITUbUITUd2006-02-24eFBCg143.50l0pBB1330r2024-11-15 09:47:28w0000-00-00yBBD c25823d25823